000
00256nam a2200121Ia 4500
008
190216s9999||||xx |||||||||||||| ||und||
100
_a
Vaish M C
245
0
_a
Monetary Theory
260
_b
Null
_c
1976
300
_a
715p
650
_a
Commerce
942
_c
BK
999
_c
4546
_d
4546